UBT Library

Final exam : (Record no. 43778)

000 -LEADER
fixed length control field 00733cam a22002294a 4500
001 - CONTROL NUMBER
control field 14423733
005 - DATE AND TIME OF LATEST TRANSACTION
control field 20180301040735.0
008 - FIXED-LENGTH DATA ELEMENTS--GENERAL INFORMATION
fixed length control field 060622s2007 nyu b 000 0deng
010 ## - LIBRARY OF CONGRESS CONTROL NUMBER
LC control number 2006049361
020 ## - INTERNATIONAL STANDARD BOOK NUMBER
International Standard Book Number 9780307263537
040 ## - CATALOGING SOURCE
Original cataloging agency DLC
Transcribing agency DLC
Modifying agency DLC
041 ## - LANGUAGE CODE
Language code of text/sound track or separate title eng
080 ## - UNIVERSAL DECIMAL CLASSIFICATION NUMBER
Universal Decimal Classification number 617.092 CHEN
082 00 - DEWEY DECIMAL CLASSIFICATION NUMBER
Classification number 617.092 CHEN
-- B
Edition number 22
100 1# - Rafti
Rafti 25
101 ## - Shkurtesa
Shkurtesa EDU
245 10 - TITLE STATEMENT
Title Final exam :
Statement of responsibility, etc Pauline W. Chen.
504 ## - BIBLIOGRAPHY, ETC. NOTE
Bibliography, etc Includes bibliographical references (p. [268]).
906 ## - LOCAL DATA ELEMENT F, LDF (RLIN)
a 7
b cbc
c orignew
d 1
e ocip
f 20
g y-gencatlg
942 ## - ADDED ENTRY ELEMENTS (KOHA)
Source of classification or shelving scheme
Item type Books
Holdings
Withdrawn status Lost status Source of classification or shelving scheme Damaged status Not for loan Collection code Permanent location Current location Shelving location Date acquired Total Checkouts Full call number Barcode Date last seen Price effective from Koha item type
          Koleksioni i përgjithshem UBT - Lipjan UBT - Lipjan Koleksioni i përgjithshem 03/01/2018   617.092 CHEN 002-3000446 03/01/2018 03/01/2018 Books
UBT Library © 2015-2024. All rights reserved University Education for Business and Technology